Spell the Marvel Character #133 - Statistics

General Stats
  • This quiz has been taken 17 times
  • The average score is 6 of 7
Answer Stats
Picture Answer % Correct
Captain Carter
100%
Okoye
100%
Lady Deadpool
93%
Falcon
86%
American Dream
79%
Firestar
79%
Namorita
79%
No matching quizzes found
Score Distribution
Percent of People with Each Score
Percentile by Number Answered
Your Score History
You have not taken this quiz